[Event "Titled Tuesday intern op 16th Apr Early"]
[Site "Chess.com INT"]
[Date "2024.04.16"]
[Round "9"]
[White "Topalov, Aleksandar"]
[Black "Kriti, Mayur Patel"]
[Result "1-0"]
[WhiteElo "2233"]
[BlackElo "1787"]
[PlyCount "37"]
[EventDate "2024.04.16"]
[EventType "swiss (blitz)"]
[EventRounds "11"]
[EventCountry "USA"]
[SourceTitle "CB17_2024"]
[SourceDate "2024.04.24"]
[SourceVersion "1"]
[SourceVersionDate "2024.04.24"]
[SourceQuality "1"]

1. b3 d5 2. Bb2 c5 3. e3 Nc6 4. Bb5 Bd7 5. Nf3 e6 6. 0-0 Nf6 7. d3 Bd6 8. Bxc6 Bxc6 9. Ne5 Qc7 10. f4 Nd7 11. Qh5 g6 12. Qh4 Bxe5 13. fxe5 Nxe5 14. Qf6 d4 15. Qxh8+ Kd7 16. Qxa8 Qd6 17. e4 f5 18. Nd2 b6 19. Qxa7+ 1-0

[Event "Titled Tuesday intern op 02nd Apr Early"]
[Site "Chess.com INT"]
[Date "2024.04.02"]
[Round "2"]
[White "Topalov, Aleksandar"]
[Black "Andreev, Konstantin1"]
[Result "0-1"]
[WhiteElo "2233"]
[BlackElo "2244"]
[PlyCount "68"]
[EventDate "2024.04.02"]
[EventType "swiss (blitz)"]
[EventRounds "11"]
[EventCountry "USA"]
[SourceTitle "CB15_2024"]
[SourceDate "2024.04.10"]
[SourceVersion "1"]
[SourceVersionDate "2024.04.10"]
[SourceQuality "1"]

1. b3 b5 2. Bb2 Bb7 3. Nf3 Nf6 4. e3 a6 5. a3 e6 6. c4 bxc4 7. bxc4 Be7 8. Be2 0-0 9. 0-0 c5 10. d3 Nc6 11. Nbd2 Qc7 12. Rb1 Rab8 13. Qc2 Rfd8 14. Rfc1 h6 15. h3 d6 16. Bc3 Nd7 17. Rb2 Bf6 18. Rcb1 Ba8 19. Bxf6 Nxf6 20. Qa4 Qa7 21. Nb3 e5 22. Nfd2 Ne7 23. Na5 e4 24. dxe4 Nxe4 25. Nxe4 Bxe4 26. Rxb8 Rxb8 27. Rd1 Rb2 28. Qe8+ Kh7 29. Bd3 Bxd3 30. Rxd3 Qc7 31. Nb3 Rb1+ 32. Kh2 d5+ 33. g3 dxc4 34. Rd7 Qc6 0-1

[Event "Titled Tuesday intern op 02nd Apr Early"]
[Site "Chess.com INT"]
[Date "2024.04.02"]
[Round "11"]
[White "Topalov, Aleksandar"]
[Black "Rodrigues Mota, Romulo Cardoso S"]
[Result "1-0"]
[WhiteElo "2233"]
[BlackElo "1978"]
[PlyCount "55"]
[EventDate "2024.04.02"]
[EventType "swiss (blitz)"]
[EventRounds "11"]
[EventCountry "USA"]
[SourceTitle "CB15_2024"]
[SourceDate "2024.04.10"]
[SourceVersion "1"]
[SourceVersionDate "2024.04.10"]
[SourceQuality "1"]

1. b3 Nf6 2. Bb2 g6 3. Bxf6 exf6 4. c4 Bg7 5. Nc3 0-0 6. e3 c6 7. Nge2 d5 8. cxd5 cxd5 9. d4 a6 10. g3 b5 11. Bg2 b4 12. Nxd5 Ra7 13. Nxb4 Qa5 14. Qd2 Bb7 15. Bxb7 Rxb7 16. Nd3 Qd5 17. 0-0 h5 18. Nef4 Qf5 19. Nc5 Re7 20. Qd3 Qg4 21. h3 Qg5 22. h4 Qg4 23. Qd1 Qc8 24. Rc1 Qd8 25. Qf3 Qa5 26. Rc2 Rd8 27. Rfc1 f5 28. Nb7 1-0

[Event "Titled Tuesday intern op 27th Feb Late"]
[Site "Chess.com INT"]
[Date "2024.02.27"]
[Round "6"]
[White "Rangel, Daniel"]
[Black "Topalov, Aleksandar"]
[Result "1-0"]
[WhiteElo "2176"]
[BlackElo "2233"]
[PlyCount "99"]
[EventDate "2024.02.27"]
[EventType "swiss (blitz)"]
[EventRounds "11"]
[EventCountry "USA"]
[SourceTitle "CB10_2024"]
[SourceDate "2024.03.06"]
[SourceVersion "1"]
[SourceVersionDate "2024.03.06"]
[SourceQuality "1"]

1. e4 e6 2. d4 d5 3. Nd2 Nf6 4. e5 Ng8 5. Bd3 Ne7 6. f4 h5 7. Ne2 g6 8. 0-0 Qd7 9. Nf3 b6 10. Ng5 Ba6 11. a4 Bxd3 12. Qxd3 c5 13. Qb5 Nf5 14. c3 Nc6 15. a5 Nxa5 16. Qxd7+ Kxd7 17. Nxf7 Rg8 18. Kh1 cxd4 19. cxd4 Nb3 20. Ra4 a5 21. Rd1 b5 22. Ra2 b4 23. g3 Rc8 24. Kg1 Rc2 25. Kf1 Be7 26. h4 Rgc8 27. Ke1 Nxc1 28. Nxc1 Rxc1 29. Rxa5 Rxd1+ 30. Kxd1 Ke8 31. Ng5 Bxg5 32. hxg5 Rc4 33. Ra7 Ne7 34. Ke2 Rxd4 35. Ra6 Kf7 36. Ra7 Rc4 37. Kd3 Rc1 38. Rb7 Rg1 39. Kd4 Rxg3 40. Kc5 b3 41. Kd6 Rf3 42. Rxe7+ Kg8 43. Rxe6 Rxf4 44. Rxg6+ Kf7 45. Rf6+ Rxf6+ 46. gxf6 h4 47. e6+ Kxf6 48. e7 h3 49. e8Q h2 50. Qh8+ 1-0

[Event "Titled Tuesday intern op 27th Feb Late"]
[Site "Chess.com INT"]
[Date "2024.02.27"]
[Round "9"]
[White "Reprintsev, Alexander"]
[Black "Topalov, Aleksandar"]
[Result "1-0"]
[WhiteElo "2241"]
[BlackElo "2233"]
[PlyCount "77"]
[EventDate "2024.02.27"]
[EventType "swiss (blitz)"]
[EventRounds "11"]
[EventCountry "USA"]
[SourceTitle "CB10_2024"]
[SourceDate "2024.03.06"]
[SourceVersion "1"]
[SourceVersionDate "2024.03.06"]
[SourceQuality "1"]

1. e4 e6 2. d4 d5 3. Nc3 Bb4 4. Nge2 Nf6 5. e5 Ne4 6. f3 Nxc3 7. bxc3 Be7 8. g3 b6 9. Nf4 g6 10. h4 h5 11. Kf2 Ba6 12. Bd3 Qd7 13. a4 Bxd3 14. cxd3 Nc6 15. Bd2 Na5 16. c4 dxc4 17. Bxa5 Qxd4+ 18. Kg2 bxa5 19. dxc4 Qxe5 20. Re1 Qf5 21. Rb1 Rd8 22. Qe2 Bb4 23. Qe5 Qxe5 24. Rxe5 Rd2+ 25. Re2 Rd4 26. Re4 Rxe4 27. fxe4 Ke7 28. Nd3 Rb8 29. Ne5 Rb6 30. Rf1 f6 31. Nxg6+ Kf7 32. Nf4 Bd6 33. Nxh5 Rb2+ 34. Kh3 Be5 35. Rd1 Ke7 36. Nf4 Rb3 37. Ng6+ Ke8 38. Nxe5 fxe5 39. h5 1-0

[Event "Titled Tuesday intern op 27th Feb Late"]
[Site "Chess.com INT"]
[Date "2024.02.27"]
[Round "3"]
[White "Sarana, Alexey"]
[Black "Topalov, Aleksandar"]
[Result "0-1"]
[WhiteElo "2697"]
[BlackElo "2233"]
[PlyCount "90"]
[EventDate "2024.02.27"]
[EventType "swiss (blitz)"]
[EventRounds "11"]
[EventCountry "USA"]
[SourceTitle "CB10_2024"]
[SourceDate "2024.03.06"]
[SourceVersion "1"]
[SourceVersionDate "2024.03.06"]
[SourceQuality "1"]

1. d4 Nf6 2. c4 g6 3. Nc3 Bg7 4. e4 d6 5. Nf3 0-0 6. Be2 c5 7. d5 e6 8. Be3 Re8 9. Nd2 Na6 10. 0-0 Nc7 11. h3 Rb8 12. a4 b6 13. Bd3 a6 14. Qf3 exd5 15. exd5 Nd7 16. Qd1 Ne5 17. Be2 f5 18. Bf4 Bd7 19. Re1 b5 20. axb5 axb5 21. cxb5 Nxb5 22. Bxb5 Bxb5 23. Nxb5 Rxb5 24. Bxe5 Bxe5 25. Nc4 Rb4 26. Qd3 Bxb2 27. Rxe8+ Qxe8 28. Nxd6 Qb8 29. Ra6 Be5 30. g3 Bxd6 31. Qa3 Bf8 32. Re6 Qb7 33. Qd3 Rd4 34. Qc2 Qxd5 35. Re1 Rd2 36. Qc3 Qd4 37. Qf3 c4 38. Re8 c3 39. Rc8 c2 40. Qb3+ Kg7 41. Rc7+ Kh6 42. Qf3 Bc5 43. Rxc5 Qxc5 44. Qf4+ Kg7 45. Qxd2 c1Q+ 0-1

[Event "Titled Tuesday intern op 27th Feb Late"]
[Site "Chess.com INT"]
[Date "2024.02.27"]
[Round "4"]
[White "Topalov, Aleksandar"]
[Black "Norowitz, Yaacov"]
[Result "0-1"]
[WhiteElo "2233"]
[BlackElo "2402"]
[PlyCount "98"]
[EventDate "2024.02.27"]
[EventType "swiss (blitz)"]
[EventRounds "11"]
[EventCountry "USA"]
[SourceTitle "CB10_2024"]
[SourceDate "2024.03.06"]
[SourceVersion "1"]
[SourceVersionDate "2024.03.06"]
[SourceQuality "1"]

1. b3 c5 2. Bb2 Nf6 3. Nf3 g6 4. c4 Bg7 5. e3 0-0 6. Be2 Nc6 7. 0-0 b6 8. d4 cxd4 9. Nxd4 Bb7 10. Bf3 Qc8 11. Nxc6 Bxc6 12. Bxc6 dxc6 13. Qc2 Rd8 14. Nc3 Qf5 15. Qxf5 gxf5 16. Rad1 Ne4 17. Nxe4 fxe4 18. Bxg7 Kxg7 19. f3 exf3 20. gxf3 Kf6 21. Kf2 a5 22. Ke2 a4 23. Rxd8 Rxd8 24. bxa4 Ra8 25. Rb1 Ra6 26. Kd3 Ke6 27. Kc3 Kd6 28. Kb3 Ra8 29. Rg1 Rd8 30. Rg7 Ke6 31. Rxh7 Rd3+ 32. Kb4 Rxe3 33. Rh6+ f6 34. a5 bxa5+ 35. Kxa5 Rxf3 36. Kb6 Ra3 37. Kxc6 Rxa2 38. c5 Rb2 39. h4 Kf5 40. Rh7 e5 41. h5 Kg5 42. Rf7 Rf2 43. Rh7 e4 44. Kd5 e3 45. c6 e2 46. Re7 Rf5+ 47. Kd4 Re5 48. c7 e1Q 49. c8Q Qe3+ 0-1

[Event "Titled Tuesday intern op 23rd Jan Late"]
[Site "Chess.com INT"]
[Date "2024.01.23"]
[Round "4"]
[White "Ghevondyan, Arman"]
[Black "Topalov, Aleksandar"]
[Result "1-0"]
[WhiteElo "2216"]
[BlackElo "2233"]
[PlyCount "83"]
[EventDate "2024.01.23"]
[EventType "swiss (blitz)"]
[EventRounds "11"]
[EventCountry "USA"]
[SourceTitle "CB05_2024"]
[SourceDate "2024.01.31"]
[SourceVersion "1"]
[SourceVersionDate "2024.01.31"]
[SourceQuality "1"]

1. Nf3 Nf6 2. d4 g6 3. g3 Bg7 4. Bg2 0-0 5. 0-0 d6 6. b3 Nbd7 7. Bb2 e5 8. dxe5 Ng4 9. c4 Ngxe5 10. Nc3 a5 11. Qd2 a4 12. Nxa4 Rxa4 13. Nxe5 Nxe5 14. Bxe5 Bxe5 15. bxa4 Bxa1 16. Rxa1 Qe8 17. Qc2 Qe5 18. Rb1 b6 19. Qe4 Qc5 20. Qc6 Be6 21. Qxc5 dxc5 22. Bd5 Bxd5 23. cxd5 Ra8 24. d6 cxd6 25. Rxb6 Rxa4 26. Rxd6 Rxa2 27. e3 Rc2 28. Rc6 Kf8 29. Rc7 h5 30. h4 Ke8 31. Kg2 Kf8 32. Kf3 Ke8 33. e4 Kf8 34. Ke3 Ke8 35. f3 c4 36. Kf4 Kf8 37. e5 c3 38. Kg5 Re2 39. Kf6 Ke8 40. Rc8+ Kd7 41. Rxc3 Re3 42. Rxe3 1-0

[Event "Titled Tuesday intern op 23rd Jan Late"]
[Site "Chess.com INT"]
[Date "2024.01.23"]
[Round "5"]
[White "Topalov, Aleksandar"]
[Black "Baches Garcia, Guillermo"]
[Result "0-1"]
[WhiteElo "2233"]
[BlackElo "2327"]
[PlyCount "62"]
[EventDate "2024.01.23"]
[EventType "swiss (blitz)"]
[EventRounds "11"]
[EventCountry "USA"]
[SourceTitle "CB05_2024"]
[SourceDate "2024.01.31"]
[SourceVersion "1"]
[SourceVersionDate "2024.01.31"]
[SourceQuality "1"]

1. b3 e5 2. Bb2 d6 3. d4 exd4 4. Qxd4 Nc6 5. Qf4 Nf6 6. Nc3 Be7 7. Nf3 0-0 8. 0-0-0 Re8 9. e3 Bf8 10. Bb5 a6 11. Bxc6 bxc6 12. h3 Be6 13. g4 Nd5 14. Nxd5 Bxd5 15. Rhg1 a5 16. Nd4 a4 17. Nf5 axb3 18. axb3 Re4 19. Qg3 Ra2 20. Kb1 Rxb2+ 21. Kxb2 Qf6+ 22. Kb1 g6 23. Rd4 Rxd4 24. Nxd4 c5 25. g5 Qd8 26. Ne2 Bg7 27. Qf4 c4 28. e4 Qa8 29. Kc1 Bxe4 30. bxc4 Bf5 31. Rg3 Qa2 0-1

[Event "Titled Tuesday intern op 16th Jan Early"]
[Site "Chess.com INT"]
[Date "2024.01.16"]
[Round "7"]
[White "Topalov, Aleksandar"]
[Black "Devaev, Alexander"]
[Result "0-1"]
[WhiteElo "2233"]
[BlackElo "2325"]
[PlyCount "62"]
[EventDate "2024.01.16"]
[EventType "swiss (blitz)"]
[EventRounds "11"]
[EventCountry "USA"]
[SourceTitle "CB04_2024"]
[SourceDate "2023.10.16"]
[SourceVersion "1"]
[SourceVersionDate "2023.10.16"]
[SourceQuality "1"]

1. b3 d5 2. Bb2 c5 3. e3 a6 4. Nf3 Nc6 5. d4 cxd4 6. exd4 Nf6 7. Bd3 Bg4 8. a3 e6 9. Nbd2 Bd6 10. 0-0 Qc7 11. Qe1 0-0 12. Ne5 Bf5 13. Rc1 Rac8 14. Qe2 Rfe8 15. Rfe1 Qa5 16. b4 Qd8 17. c4 Bxd3 18. Qxd3 dxc4 19. Ndxc4 Ne7 20. Qe2 Ng6 21. Qf3 b5 22. Na5 Rxc1 23. Rxc1 Bxe5 24. dxe5 Nd5 25. g3 Qg5 26. Qe2 h5 27. Rc6 Rd8 28. Rxa6 Ndf4 29. Qe1 Nh4 30. Kh1 Nd3 31. Qe2 Nxf2+ 0-1

[Event "Titled Tuesday intern op 16th Jan Early"]
[Site "Chess.com INT"]
[Date "2024.01.16"]
[Round "4"]
[White "Topalov, Aleksandar"]
[Black "Khamdamova, Afruza"]
[Result "0-1"]
[WhiteElo "2233"]
[BlackElo "2327"]
[PlyCount "86"]
[EventDate "2024.01.16"]
[EventType "swiss (blitz)"]
[EventRounds "11"]
[EventCountry "USA"]
[SourceTitle "CB04_2024"]
[SourceDate "2023.10.16"]
[SourceVersion "1"]
[SourceVersionDate "2023.10.16"]
[SourceQuality "1"]

1. b3 e5 2. Bb2 Nc6 3. e3 Nf6 4. Bb5 d6 5. d4 exd4 6. Qxd4 a6 7. Bxc6+ bxc6 8. c4 c5 9. Qf4 Be7 10. Ne2 0-0 11. Nbc3 Bb7 12. Ng3 Re8 13. Nf5 Bf8 14. Nd5 Bxd5 15. cxd5 Nxd5 16. Nh6+ gxh6 17. Qg3+ Qg5 18. Qf3 Bg7 19. h4 Qg6 20. Rh3 Bxb2 21. Rg3 Bxa1 22. Rxg6+ hxg6 23. Qxd5 Bg7 24. h5 g5 25. Qc6 Rac8 26. Qxa6 c6 27. Qd3 d5 28. Ke2 Ra8 29. Qc2 Ra5 30. Kf3 Rea8 31. a4 Rb8 32. Qf5 d4 33. Qd7 Rxb3 34. Qc8+ Bf8 35. Qxc6 Rb4 36. g3 Raxa4 37. exd4 Rxd4 38. Kg2 Ra2 39. Qc8 Rdd2 40. Kh3 Rxf2 41. Kg4 Ra4+ 42. Kh3 g4+ 43. Kh4 Rh2# 0-1

[Event "Titled Tuesday intern op 09th Jan Early"]
[Site "Chess.com INT"]
[Date "2024.01.09"]
[Round "2"]
[White "Dahlgren, James Allen"]
[Black "Topalov, Aleksandar"]
[Result "0-1"]
[WhiteElo "1770"]
[BlackElo "2233"]
[PlyCount "54"]
[EventDate "2024.01.09"]
[EventType "swiss (blitz)"]
[EventRounds "11"]
[EventCountry "USA"]
[SourceTitle "CB03_2024"]
[SourceDate "2024.01.17"]
[SourceVersion "1"]
[SourceVersionDate "2024.01.17"]
[SourceQuality "1"]

1. e3 Nf6 2. c4 g6 3. Nc3 Bg7 4. d4 0-0 5. Nf3 c5 6. Bd3 d6 7. 0-0 Nc6 8. d5 Na5 9. e4 a6 10. a4 Bg4 11. h3 Bxf3 12. Qxf3 Nd7 13. Bd2 Nb3 14. Rad1 Ne5 15. Qe2 Nd4 16. Qe3 Rb8 17. f4 Nxd3 18. Qxd3 b5 19. cxb5 axb5 20. axb5 Qd7 21. Kh1 Nxb5 22. Rf2 Nd4 23. Be3 Rb3 24. Qc4 Rfb8 25. Bc1 Qa7 26. Ne2 R8b4 27. Nxd4 Rxc4 0-1

[Event "Titled Tuesday intern op 09th Jan Early"]
[Site "Chess.com INT"]
[Date "2024.01.09"]
[Round "9"]
[White "Gopal, KN."]
[Black "Topalov, Aleksandar"]
[Result "0-1"]
[WhiteElo "1910"]
[BlackElo "2233"]
[PlyCount "72"]
[EventDate "2024.01.09"]
[EventType "swiss (blitz)"]
[EventRounds "11"]
[EventCountry "USA"]
[SourceTitle "CB03_2024"]
[SourceDate "2024.01.17"]
[SourceVersion "1"]
[SourceVersionDate "2024.01.17"]
[SourceQuality "1"]

1. e4 e6 2. d4 d5 3. e5 Ne7 4. c3 Qd7 5. Bd3 b6 6. Qe2 a5 7. Nf3 Ba6 8. 0-0 Bxd3 9. Qxd3 c5 10. a4 Nbc6 11. b3 Nf5 12. g4 Nfe7 13. Kg2 h5 14. h3 Ng6 15. Na3 Be7 16. Nb5 cxd4 17. cxd4 Nb4 18. Qd1 f6 19. gxh5 Rxh5 20. exf6 gxf6 21. Ne5 Rxe5 22. dxe5 Nxe5 23. Qh5+ Nf7 24. Bd2 Bd6 25. Rac1 Ke7 26. Bxb4 axb4 27. Rfe1 Rg8+ 28. Kf1 Rg5 29. Qf3 Bb8 30. Qe3 e5 31. Qxb6 Qxh3+ 32. Ke2 Bd6 33. Qb7+ Kf8 34. Qxd5 e4 35. Nxd6 Rxd5 36. Nxe4 Qd3# 0-1

[Event "Titled Tuesday intern op 09th Jan Early"]
[Site "Chess.com INT"]
[Date "2024.01.09"]
[Round "10"]
[White "Topalov, Aleksandar"]
[Black "Filgueira, Hernan"]
[Result "1-0"]
[WhiteElo "2233"]
[BlackElo "2283"]
[PlyCount "83"]
[EventDate "2024.01.09"]
[EventType "swiss (blitz)"]
[EventRounds "11"]
[EventCountry "USA"]
[SourceTitle "CB03_2024"]
[SourceDate "2024.01.17"]
[SourceVersion "1"]
[SourceVersionDate "2024.01.17"]
[SourceQuality "1"]

1. b3 d5 2. Bb2 c5 3. e3 a6 4. f4 Nc6 5. Nf3 Bg4 6. Be2 e6 7. 0-0 Nf6 8. Ne5 Bxe2 9. Qxe2 Qc7 10. Nxc6 Qxc6 11. d3 Be7 12. Nd2 Rg8 13. Nf3 Nd7 14. e4 dxe4 15. dxe4 0-0-0 16. Rad1 Bf6 17. e5 Be7 18. c4 h6 19. Rd3 g5 20. fxg5 hxg5 21. Nd2 Rgf8 22. Rdf3 Nb8 23. Rxf7 Rxf7 24. Rxf7 Qe8 25. Rf1 Nc6 26. Ne4 Qg6 27. Nf6 Kb8 28. Rd1 Rxd1+ 29. Qxd1 Ka7 30. h3 Qf5 31. Ng4 Qe4 32. Kh2 a5 33. Qd2 a4 34. Bc3 axb3 35. axb3 Qb1 36. Qb2 Qe4 37. Qd2 Nd4 38. b4 Ne2 39. b5 Nf4 40. b6+ Kxb6 41. Ba5+ Kc6 42. Qa2 1-0

[Event "Titled Tuesday intern op 19th Dec Early"]
[Site "Chess.com INT"]
[Date "2023.12.19"]
[Round "8"]
[White "Herman, Matthew J"]
[Black "Topalov, Aleksandar"]
[Result "1-0"]
[WhiteElo "2383"]
[BlackElo "2233"]
[PlyCount "65"]
[EventDate "2023.12.19"]
[EventType "swiss (blitz)"]
[EventRounds "11"]
[EventCountry "USA"]
[SourceTitle "CB52_2023"]
[SourceDate "2023.12.27"]
[SourceVersion "1"]
[SourceVersionDate "2023.12.27"]
[SourceQuality "1"]

1. e4 e6 2. d4 d5 3. Nd2 Nf6 4. e5 Ng8 5. f4 Ne7 6. Ndf3 h5 7. Bd3 Qd7 8. b3 b6 9. c4 dxc4 10. bxc4 Bb7 11. Be3 Nbc6 12. Rb1 g6 13. Nh3 Nf5 14. Bxf5 gxf5 15. Nhg5 0-0-0 16. 0-0 Bh6 17. d5 Bxg5 18. Nxg5 Na5 19. Qc2 Rhg8 20. Bd2 exd5 21. Bxa5 bxa5 22. c5 d4 23. Rf2 Qc6 24. Qxf5+ Kb8 25. Rfb2 d3 26. Rxb7+ Qxb7 27. Rxb7+ Kxb7 28. Qe4+ c6 29. Qe1 d2 30. Qd1 Rd3 31. Nxf7 Rg4 32. Qb1+ Ka6 33. Qxd3+ 1-0

[Event "Titled Tuesday intern op 19th Dec Early"]
[Site "Chess.com INT"]
[Date "2023.12.19"]
[Round "11"]
[White "Koridze, Lile"]
[Black "Topalov, Aleksandar"]
[Result "1/2-1/2"]
[WhiteElo "2158"]
[BlackElo "2233"]
[PlyCount "73"]
[EventDate "2023.12.19"]
[EventType "swiss (blitz)"]
[EventRounds "11"]
[EventCountry "USA"]
[SourceTitle "CB52_2023"]
[SourceDate "2023.12.27"]
[SourceVersion "1"]
[SourceVersionDate "2023.12.27"]
[SourceQuality "1"]

1. d4 Nf6 2. c4 c5 3. d5 d6 4. Nc3 g6 5. e4 Bg7 6. Nf3 0-0 7. Be2 e6 8. dxe6 Bxe6 9. 0-0 Bg4 10. Bf4 Re8 11. h3 Bxf3 12. Bxf3 Nc6 13. Qxd6 Qb6 14. Nd5 Nxd5 15. cxd5 Nd4 16. Qxb6 axb6 17. Be3 Nxf3+ 18. gxf3 Bxb2 19. Rab1 Rxa2 20. Bc1 Bd4 21. Rxb6 f5 22. Rxb7 fxe4 23. fxe4 Rxe4 24. d6 Bf6 25. d7 Rd4 26. Be3 Rd5 27. Rc1 Ra5 28. Re1 Ra8 29. Bh6 Re5 30. Rd1 Rd8 31. Rc7 Kf7 32. Be3 Be7 33. Rc1 Ke6 34. Bxc5 Bxc5 35. R1xc5 Rxc5 36. Rxc5 Rxd7 37. Kg2 1/2-1/2

[Event "Titled Tuesday intern op 19th Dec Early"]
[Site "Chess.com INT"]
[Date "2023.12.19"]
[Round "9"]
[White "Topalov, Aleksandar"]
[Black "Kohler, Aran"]
[Result "1-0"]
[WhiteElo "2233"]
[BlackElo "2024"]
[PlyCount "83"]
[EventDate "2023.12.19"]
[EventType "swiss (blitz)"]
[EventRounds "11"]
[EventCountry "USA"]
[SourceTitle "CB52_2023"]
[SourceDate "2023.12.27"]
[SourceVersion "1"]
[SourceVersionDate "2023.12.27"]
[SourceQuality "1"]

1. b3 e5 2. Bb2 Nc6 3. e3 a6 4. Nf3 e4 5. Nd4 Nxd4 6. Bxd4 c5 7. Bb2 d5 8. d3 exd3 9. cxd3 Nf6 10. Be2 Be6 11. 0-0 Bd6 12. Nd2 h5 13. Nf3 Bg4 14. Rc1 Bxf3 15. gxf3 Rh6 16. Kh1 Qe7 17. Rg1 Kf8 18. d4 Rc8 19. Qd3 Rc6 20. dxc5 Bxc5 21. Bxf6 Qxf6 22. Qxd5 Be7 23. Bxa6 Rxc1 24. Rxc1 g6 25. Bxb7 Kg7 26. Rc7 Qa1+ 27. Kg2 Qf6 28. f4 h4 29. Qd7 Ba3 30. Bd5 h3+ 31. Kf3 Rh7 32. Qxf7+ Qxf7 33. Rxf7+ Kh6 34. Rxh7+ Kxh7 35. Be6 Kg7 36. Bxh3 Kf6 37. Bd7 g5 38. fxg5+ Kxg5 39. Kg3 Bd6+ 40. f4+ Kf6 41. Kf3 Ke7 42. Bb5 1-0

[Event "Titled Tuesday intern op 12th Dec Early"]
[Site "Chess.com INT"]
[Date "2023.12.12"]
[Round "11"]
[White "Vakhidov, Shahzod"]
[Black "Topalov, Aleksandar"]
[Result "1-0"]
[WhiteElo "2312"]
[BlackElo "2233"]
[PlyCount "91"]
[EventDate "2023.12.12"]
[EventType "swiss (blitz)"]
[EventRounds "11"]
[EventCountry "USA"]
[SourceTitle "CB51_2023"]
[SourceDate "2023.12.20"]
[SourceVersion "1"]
[SourceVersionDate "2023.12.20"]
[SourceQuality "1"]

1. d4 Nf6 2. Nf3 g6 3. g3 Bg7 4. c4 0-0 5. Bg2 c5 6. 0-0 d6 7. dxc5 dxc5 8. Ne5 Nbd7 9. Nd3 e5 10. Nc3 Re8 11. Be3 Bf8 12. Rc1 Qb6 13. Na4 Qc7 14. Nc3 a6 15. a3 Rb8 16. b4 b6 17. Nd5 Nxd5 18. cxd5 e4 19. Nf4 Bd6 20. Qc2 Qd8 21. Bxe4 cxb4 22. axb4 Bxb4 23. Bd4 Ne5 24. Bg2 Bd6 25. Qb2 b5 26. h4 Bb7 27. h5 Nc4 28. Rxc4 bxc4 29. h6 Bxd5 30. Bb6 Be5 31. Bxd8 Bxb2 32. Bxd5 Rbxd8 33. Bxc4 Be5 34. Nd3 Bf6 35. Rb1 Bg5 36. Rb7 Rf8 37. Ne5 Rb8 38. Rxf7 Rxf7 39. Nxf7 Bxh6 40. Nxh6+ Kg7 41. Ng4 Rb1+ 42. Kg2 a5 43. Ne3 h5 44. f4 a4 45. Bd3 Rb2 46. Nc4 1-0

[Event "Titled Tuesday intern op 26th Sep Early"]
[Site "Chess.com INT"]
[Date "2023.09.26"]
[Round "6"]
[White "Sanchez Enriquez, Oscar Gerardo"]
[Black "Topalov, Aleksandar"]
[Result "0-1"]
[WhiteElo "2297"]
[BlackElo "2233"]
[PlyCount "94"]
[EventDate "2023.09.26"]
[EventType "swiss (blitz)"]
[EventRounds "11"]
[EventCountry "USA"]
[SourceTitle "EXT 2024"]
[Source "ChessBase"]
[SourceDate "2023.10.10"]
[SourceVersion "1"]
[SourceVersionDate "2023.10.10"]
[SourceQuality "1"]

1. e4 e6 2. d4 d5 3. Nc3 Bb4 4. Nge2 Nf6 5. e5 Ng8 6. a3 Bf8 7. f4 h5 8. Be3 g6 9. g3 Qd7 10. Qd2 b6 11. Bh3 Ba6 12. 0-0 Nh6 13. b4 Bc4 14. Rf2 Be7 15. Nc1 Nf5 16. Nd1 a5 17. Rb1 axb4 18. axb4 Nc6 19. c3 Kf8 20. Nb2 Bb5 21. Nd1 Kg7 22. Bg2 Ra3 23. Rf3 Rha8 24. h3 h4 25. g4 Ng3 26. Bf2 Ne4 27. Qe1 Ra1 28. Rxa1 Rxa1 29. Be3 Ng3 30. Nb3 Rb1 31. Nd2 Ra1 32. Nb3 Rb1 33. Nd2 Ra1 34. Kh2 Qc8 35. f5 exf5 36. gxf5 Nxf5 37. Bf1 Ba4 38. Be2 Nxe3 39. Rxe3 Qf5 40. Rf3 Qg5 41. Qf2 Nd8 42. Ne3 Bd7 43. Ndf1 Ra2 44. Ng2 Bb5 45. Nf4 Ne6 46. Nxe6+ fxe6 47. Rf7+ Kh6 0-1

[Event "Titled Tuesday intern op 26th Sep Early"]
[Site "Chess.com INT"]
[Date "2023.09.26"]
[Round "1"]
[White "Tan, Jun Ying"]
[Black "Topalov, Aleksandar"]
[Result "1-0"]
[WhiteElo "2308"]
[BlackElo "2233"]
[PlyCount "65"]
[EventDate "2023.09.26"]
[EventType "swiss (blitz)"]
[EventRounds "11"]
[EventCountry "USA"]
[SourceTitle "EXT 2024"]
[Source "ChessBase"]
[SourceDate "2023.10.10"]
[SourceVersion "1"]
[SourceVersionDate "2023.10.10"]
[SourceQuality "1"]

1. d4 e6 2. c4 f5 3. Nf3 Nf6 4. Nc3 Bb4 5. Qb3 a5 6. Bg5 0-0 7. g3 h6 8. Bxf6 Qxf6 9. Bg2 Nc6 10. a3 a4 11. Qc2 Bxc3+ 12. Qxc3 d6 13. 0-0 e5 14. dxe5 dxe5 15. Rad1 Be6 16. e3 Rfd8 17. h4 e4 18. Nd4 Ne5 19. Nxe6 Qxe6 20. Qb4 Nd3 21. Qxb7 Qxc4 22. Rxd3 exd3 23. Qf3 d2 24. Rd1 Rab8 25. Qxf5 Rxb2 26. Qe5 Rc2 27. Qe7 Qd3 28. Be4 Rc1 29. Bxd3 Rxd1+ 30. Kg2 Rxd3 31. Qe8+ Kh7 32. Qe4+ Kg8 33. Qxd3 1-0

[Event "Titled Tuesday intern op 19th Sep Late"]
[Site "Chess.com INT"]
[Date "2023.09.19"]
[Round "4"]
[White "Nanu, Ciprian Costica"]
[Black "Topalov, Aleksandar"]
[Result "1/2-1/2"]
[WhiteElo "2524"]
[BlackElo "2233"]
[PlyCount "125"]
[EventDate "2023.09.19"]
[EventType "swiss (blitz)"]
[EventRounds "11"]
[EventCountry "USA"]
[SourceTitle "EXT 2024"]
[Source "ChessBase"]
[SourceDate "2023.10.10"]
[SourceVersion "1"]
[SourceVersionDate "2023.10.10"]
[SourceQuality "1"]

1. e4 e6 2. d4 d5 3. Nd2 Nf6 4. e5 Ng8 5. f4 Ne7 6. Ngf3 h5 7. Bd3 g6 8. c3 Qd7 9. Qe2 b6 10. a4 a5 11. b4 c6 12. 0-0 Nf5 13. g3 axb4 14. cxb4 Bxb4 15. Kg2 Ba6 16. h3 Bxd3 17. Qxd3 c5 18. g4 hxg4 19. hxg4 Nxd4 20. Nxd4 cxd4 21. Nf3 Nc6 22. Bb2 Bc5 23. Rh1 Ke7 24. Nxd4 Rxh1 25. Rxh1 Nxd4 26. Bxd4 Qxa4 27. Bxc5+ bxc5 28. Rb1 Ra7 29. Qc3 Qe4+ 30. Kg3 Kd7 31. Qxc5 Qxb1 32. Qxa7+ Ke8 33. Qa8+ Ke7 34. Qa3+ Ke8 35. Kh4 Qb8 36. Kg5 Qd8+ 37. Kh6 d4 38. Kg7 Qe7 39. Qa8+ Qd8 40. Qa4+ Qd7 41. Qb4 Qe7 42. Qxd4 Qf8+ 43. Kf6 Qe7+ 44. Kg7 Qf8+ 45. Kh7 Qe7 46. Qa4+ Kd8 47. Qa8+ Kd7 48. Qb7+ Ke8 49. Qc8+ Qd8 50. Qxd8+ Kxd8 51. Kg8 Ke7 52. Kg7 Ke8 53. Kf6 Kf8 54. g5 Ke8 55. Kg7 Ke7 56. Kg8 Ke8 57. Kh7 Kf8 58. Kh8 Ke8 59. Kg7 Ke7 60. Kg8 Ke8 61. Kh7 Kf8 62. Kh8 Ke8 63. Kg7 1/2-1/2